Возможность использования высокочастотного CuBr-лазера для создания скоростного лазерного монитора; Вестник науки Сибири; № 2 (8)
| Parent link: | Вестник науки Сибири: электронный научный журнал/ Томский политехнический университет (ТПУ).— , 2011-.— 2226-0064 № 2 (8).— 2013.— [С. 6-12] |
|---|---|
| المؤلف الرئيسي: | |
| مؤلفون آخرون: | , |
| الملخص: | Заглавие с титульного листа Представлены оценки максимальных температур источников как внешней, так и собственной засветки, при которых будут иметь место искажения изображений, формируемых посредствам активных оптических систем. Показана возможность использования высокочастотного CuBr-лазера в качестве усилителя яркости лазерного монитора. |
| اللغة: | الروسية |
| منشور في: |
2013
|
| سلاسل: | Инженерные науки |
| الموضوعات: | |
| الوصول للمادة أونلاين: | http://earchive.tpu.ru/handle/11683/16394 |
| التنسيق: | MixedMaterials الكتروني فصل الكتاب |
| KOHA link: | https://koha.lib.tpu.ru/cgi-bin/koha/opac-detail.pl?biblionumber=517667 |
MARC
| LEADER | 00000naa2a2200000 4500 | ||
|---|---|---|---|
| 001 | 517667 | ||
| 005 | 20240123103651.0 | ||
| 035 | |a (RuTPU)RU\TPU\prd\195883 | ||
| 035 | |a RU\TPU\prd\195861 | ||
| 090 | |a 517667 | ||
| 100 | |a 20130918d2013 k y0rusy50 ca | ||
| 101 | 0 | |a rus | |
| 102 | |a RU | ||
| 135 | |a drnn ---uucaa | ||
| 181 | 0 | |a i | |
| 182 | 0 | |a b | |
| 200 | 1 | |a Возможность использования высокочастотного CuBr-лазера для создания скоростного лазерного монитора |f С. Н. Торгаев, Д. С. Чертихина, А. А. Шаклунов | |
| 203 | |a Текст |c электронный | ||
| 215 | |a 1 файл (741 Кб) | ||
| 225 | 1 | |a Инженерные науки | |
| 300 | |a Заглавие с титульного листа | ||
| 320 | |a [Библиогр.: с. 12 (10 назв.)] | ||
| 330 | |a Представлены оценки максимальных температур источников как внешней, так и собственной засветки, при которых будут иметь место искажения изображений, формируемых посредствам активных оптических систем. Показана возможность использования высокочастотного CuBr-лазера в качестве усилителя яркости лазерного монитора. | ||
| 337 | |a Adobe Reader | ||
| 461 | 1 | |0 (RuTPU)RU\TPU\prd\143680 |x 2226-0064 |t Вестник науки Сибири |o электронный научный журнал |f Томский политехнический университет (ТПУ) |d 2011- | |
| 463 | 1 | |0 (RuTPU)RU\TPU\prd\195836 |t № 2 (8) |v [С. 6-12] |d 2013 | |
| 610 | 1 | |a лазеры на парах меди | |
| 610 | 1 | |a бромид меди | |
| 610 | 1 | |a газоразрядные трубки | |
| 610 | 1 | |a импульсы | |
| 610 | 1 | |a частота | |
| 610 | 1 | |a активные оптические системы | |
| 610 | 1 | |a лазерные микроскопы | |
| 610 | 1 | |a лазерные мониторы | |
| 610 | 1 | |a труды учёных ТПУ | |
| 610 | 1 | |a электронный ресурс | |
| 700 | 1 | |a Торгаев |b С. Н. |c специалист в области электроники |c доцент Томского политехнического университета, кандидат физико-математических наук |c младший научный сотрудник Института оптики атмосферы СО РАН |f 1984- |g Станислав Николаевич |3 (RuTPU)RU\TPU\pers\25908 |9 11759 | |
| 701 | 1 | |a Чертихина |b Д. С. |g Дарья Сергеевна | |
| 701 | 1 | |a Шаклунов |b А. А. |g Александр Александрович | |
| 801 | 1 | |a RU |b 63413507 |c 20090623 |g PSBO | |
| 801 | 2 | |a RU |b 63413507 |c 20180115 |g PSBO | |
| 856 | 4 | |u http://earchive.tpu.ru/handle/11683/16394 | |
| 942 | |c BK | ||